| 000 | 00723nam a2200217 a 4500 | ||
|---|---|---|---|
| 001 | 78239 | ||
| 003 | BD-RjUL | ||
| 005 | 20211209083116.0 | ||
| 008 | 210824s1990 bg ||||| |||| 00| 0 ben d | ||
| 035 | _a(BD-RjUL)78465 | ||
| 040 |
_aBD-RjUL _bben _cBD-RjUL |
||
| 041 | _aben | ||
| 082 |
_223 _a297 _bMOB 1990 |
||
| 100 |
_aমোহাম্মদ, শিষ _9247155 |
||
| 245 | 1 |
_aভেজালের মোহজালে ইসলাম ও তাহার প্রতিকার / _cশিষ মোহাম্মদ |
|
| 260 |
_aরাজশাহী : _c১৯৯০ |
||
| 300 |
_a১৩১ পৃ.; _c২১ সেমি. |
||
| 650 |
_aইসলাম _9247156 |
||
| 650 |
_aIslam _9247157 |
||
| 942 |
_2ddc _cBK |
||
| 999 |
_c78239 _d78239 |
||